Rubber seed oil: A multipurpose additive in NR and SBR compounds (Record no. 67992)

MARC details
000 -LEADER
fixed length control field 00567nam a2200205Ia 4500
100 ## - MAIN ENTRY--AUTHOR NAME
Personal name Nandanan V
245 #0 - TITLE STATEMENT
Title Rubber seed oil: A multipurpose additive in NR and SBR compounds
260 ## - PUBLICATION, DISTRIBUTION, ETC. (IMPRINT)
Name of publisher Journal of Applied Polymer Science
Year of publication 1999
300 ## - PHYSICAL DESCRIPTION
Number of Pages 487-492
650 ## - SUBJECT ADDED ENTRY--TOPICAL TERM
Topical Term Activator
650 ## - SUBJECT ADDED ENTRY--TOPICAL TERM
Topical Term Multipurpose additive
650 ## - SUBJECT ADDED ENTRY--TOPICAL TERM
Topical Term Natural rubber
650 ## - SUBJECT ADDED ENTRY--TOPICAL TERM
Topical Term Plasticizer
650 ## - SUBJECT ADDED ENTRY--TOPICAL TERM
Topical Term Rubber seed oil
650 ## - SUBJECT ADDED ENTRY--TOPICAL TERM
Topical Term Styrene butadiene rubber
700 ## - ADDED ENTRY--PERSONAL NAME
Personal name George K E
700 ## - ADDED ENTRY--PERSONAL NAME
Personal name Joseph Rani
942 ## - ADDED ENTRY ELEMENTS (KOHA)
Koha item type Journals
Holdings
Withdrawn status Lost status Damaged status Not for loan Home library Current library Shelving location Date acquired Serial Enumeration / chronology Koha item type
      Journals RRII Library RRII Library Rubber chemistry 17/12/2021 Volume 72, Issue Journals